| 000 | 00883nam a22001937a 4500 | ||
|---|---|---|---|
| 008 | 090607t xxu||||| |||| 00| 0 eng d | ||
| 020 | _a8186308288 | ||
| 082 |
_222 _a620.110287 _bKUK |
||
| 100 |
_aKukreja, C. B. _97078 |
||
| 245 |
_aMaterial Testing Laboratory Manual/ _cBy C. B. Kukreja...[et. al.] |
||
| 250 | _bReprint edition 2008. | ||
| 260 |
_aNew Delhi: _bNEM Chand Jain, _cc2001 |
||
| 300 |
_a236p.: _bill.; _c23 cm. |
||
| 650 |
_93987 _a Materials _x-- Testing. |
||
| 650 |
_95806 _aMaterials testing _v-- Handbooks, manuals |
||
| 942 |
_2ddc _cBB |
||
| 999 |
_c11739 _d11739 |
||